| 000 | 00515nam a22001937a 4500 | ||
|---|---|---|---|
| 003 | MPLRDC | ||
| 005 | 20220104114703.0 | ||
| 008 | 210129b ||||| |||| 00| 0 eng d | ||
| 020 | _a7-255-01126-X | ||
| 082 | _a147.66 WYC | ||
| 100 | _a王岳川编 | ||
| 245 |
_a尼采文集: 查拉斯图卷 _c周国平等译 |
||
| 250 | _a一版一刷 | ||
| 260 |
_a _b青海人民出版社 _c1995 |
||
| 300 | _b平 | ||
| 490 | _a西方现代诗性哲人文丛 | ||
| 650 | _a德奥哲学--尼采 | ||
| 942 |
_cBK _o147.66 WYC |
||
| 999 |
_c9436 _d9426 |
||